Imperialismo y dictadura

Uloženo v:
Podrobná bibliografie
Hlavní autor: Wheelock Román, Jaime
Médium: Text
Vydáno: México D.F: Siglo XXI
Vydání:5
Tagy: Přidat tag
Žádné tagy, Buďte první, kdo vytvoří štítek k tomuto záznamu!

MARC

LEADER 00000 a a2200000 04500
001 23813
003
040
020 |a 968-23-0105-x  
090 |a 164200  
100 |a Wheelock Román, Jaime  
245 |a Imperialismo y dictadura  
250 |a 5  
260 |a México D.F:   |b Siglo XXI  
300 |a 213 p   |b **no definido**   |b fonodiscos   |b map.  
999 |c 15454  |d 15454